|
|
|
|
| LEADER |
01235Cam#a2200313#a#4500 |
| 001 |
023695 |
| 005 |
20160721160710.0 |
| 008 |
120413s2011||||maua |#b #001 0#eng d |
| 040 |
|
|
|a DLC
|d YDX
|
| 082 |
0 |
4 |
|a 781.34
|2 21
|
| 245 |
0 |
4 |
|a The SuperCollider book
|c edited by Scott Wilson, David Cottle, and Nick Collins.
|
| 260 |
|
|
|a Cambridge, Mass. :
|b MIT Press,
|c c2011.
|
| 300 |
|
|
|a xvii, 756 p. :
|b il. ;
|c 24 cm.
|
| 504 |
|
|
|a Incluye referencias bibliográficas e índices.
|
| 594 |
|
|
|a LICENCIATURA EN COMPOSICION CON MEDIOS ELECTROACUSTICOS
|
| 595 |
|
|
|a SEMINARIO DE COMPOSICION
|
| 650 |
|
7 |
|a Lenguajes de programación
|2 spines
|
| 650 |
|
7 |
|a Música
|2 spines
|
| 650 |
|
7 |
|a Programación de computadora
|2 spines
|
| 653 |
|
|
|a SuperCollider
|
| 653 |
|
|
|a Composición (Música)
|
| 700 |
1 |
|
|a Wilson, Scott,
|d 1969 Nov. 26-
|
| 700 |
1 |
|
|a Collins, Nick
|q (Nicholas)
|
| 700 |
1 |
|
|a Cottle, David.
|
| 929 |
|
|
|a COMPRA
|b Stratford Book Service
|c Exp. 827-814/11
|d 284,76
|e 20120413
|f PAT0042280
|j 47446
|
| 929 |
|
|
|a COMPRA
|b Stratford Book Service
|c Exp. 827-814/11
|d 284,76
|e 20120413
|f PAT0042281
|j 47447
|
| 929 |
|
|
|a COMPRA
|b Stratford Book Service
|c Exp. 827-814/11
|d 284,76
|e 20120413
|f PAT004228
|j 47448
|
| 942 |
|
|
|c LIB
|n 0
|
| 999 |
|
|
|c 22360
|d 97747
|